Nových supervízorov podržali externí kouči

Nárast počtu pracovníkov slovenského Volkswagenu. Nápor na výber a výchovu stredného manažmentu súvisel aj s často sa meniacim výrobným programom. Pojem supervízor a jeho charakteristika. Úloha a ciele koučingu. Potreba získania dôvery. Vzdelávanie. Počas koučovania získavali supervízori rôzne zručn...

Description complète

Enregistré dans:
Détails bibliographiques
Auteur principal: Začková, Katarína
Format: Chapitre de livre
Langue:slovaque
Sujets:
Tags: Ajouter un tag
Pas de tags, Soyez le premier à ajouter un tag!

MARC

LEADER 00000naa a2200000 4500
001 r047804
005 20230921114707.9
041 0 |a slo 
044 |a SK 
245 1 0 |a Nových supervízorov podržali externí kouči  |c Katarína Začková 
520 |a Nárast počtu pracovníkov slovenského Volkswagenu. Nápor na výber a výchovu stredného manažmentu súvisel aj s často sa meniacim výrobným programom. Pojem supervízor a jeho charakteristika. Úloha a ciele koučingu. Potreba získania dôvery. Vzdelávanie. Počas koučovania získavali supervízori rôzne zručnosti, vrátane schopnosti prezentácie. 
610 2 0 |a počet pracovníkov 
610 2 0 |a manažment 
610 2 0 |a koučovanie 
610 2 0 |a vzdelávanie 
610 2 0 |a výroba nová 
610 2 0 |a technológie nové 
610 2 0 |a majstri 
610 2 0 |a Volkswagen 
100 1 |a Začková, Katarína